From hyperbolic systems to kinetic theory (Record no. 132113)
[ view plain ]
| 000 -LEADER | |
|---|---|
| fixed length control field | 01468nam a2200373 a 4500 |
| 100 1# - MAIN ENTRY--AUTHOR NAME | |
| Personal name | Tartar, Luc. |
| 245 10 - TITLE STATEMENT | |
| Title | From hyperbolic systems to kinetic theory |
| 260 ## - PUBLICATION, DISTRIBUTION, ETC. (IMPRINT) | |
| Place of publication | Berlin : |
| Name of publisher | Springer, |
| Year of publication | 2008. |
| 300 ## - PHYSICAL DESCRIPTION | |
| Number of Pages | xxvii, 279 p. |
| 490 1# - SERIES STATEMENT | |
| Series statement | Lecture notes of the Unione Matematica Italiana, |
| 500 ## - GENERAL NOTE | |
| General note | "ISSN electronic edition 1862-9121." |
| 650 #0 - SUBJECT ADDED ENTRY--TOPICAL TERM | |
| Topical Term | Continuum mechanics. |
| Topical Term | Differential equations, Hyperbolic. |
| Topical Term | Kinetic theory of gases. |
| Topical Term | Dynamics. |
| Topical Term | Mathematical physics. |
| 856 40 - ELECTRONIC LOCATION AND ACCESS | |
| Uniform Resource Identifier | http://site.ebrary.com/lib/rucke/Doc?id=10223381 |
No items available.
